000 00414nmm a2200145Ia 4500
008 251105s9999||||xx |||||||||||||||||und||
041 _aspa
100 _aKleypas, Lisa
245 0 _aEl lago de los sueños. Serie Friday Harbor 3
264 _a[Madrid, España] :
_bEdiciones B,
_c2013
300 _a319 páginas
650 _aRomance
856 _uhttps://public.digitaliapublishing.com/a/53106
942 _cCF
999 _c104759
_d104759